Noticia de las cosas memorables de Guipúzcoa ó descrpicion de la provincia y de sus habitadores (Record no. 154671)

MARC details
000 -LEADER
campo de control de longitud fija 01232nam a2200241 i 4500
001 - NÚMERO DE CONTROL
campo de control 154671
003 - IDENTIFICADOR DE NÚMERO DE CONTROL
campo de control ES-MaACL
005 - FECHA Y HORA DE LA ÚLTIMA TRANSACCIÓN
campo de control 20230906205820.0
008 - DATOS DE LONGITUD FIJA--INFORMACIÓN GENERAL
campo de control de longitud fija 960918s18991901sp a |||| | spa d
040 ## - FUENTE DE CATALOGACIÓN
Centro catalogador/agencia de origen EUS
Lengua de catalogación spa
Centro/agencia transcriptor EUS
080 ## - NÚMERO DE LA CLASIFICACIÓN DECIMAL UNIVERSAL
Número de la Clasificación Decimal Universal 908(460.154)
100 1# - ENTRADA PRINCIPAL--NOMBRE DE PERSONA
Nombre de persona Gorosabel, Pablo de.
9 (RLIN) 127478
245 10 - MENCIÓN DEL TÍTULO
Título Noticia de las cosas memorables de Guipúzcoa ó descrpicion de la provincia y de sus habitadores
Resto del título : exposición de las instituciones, fueros, privilegios, ordenanzas y leyes : reseña del Gobierno civil, eclesiástico y militar... /
Mención de responsabilidad, etc. por D. Pablo de Gorosábel.
260 ## - PUBLICACIÓN, DISTRIBUCIÓN, ETC.
Lugar de publicación, distribución, etc. Tolosa :
Nombre del editor, distribuidor, etc. Imprenta, Librería y Encuadernación de E. López...,
Fecha de publicación, distribución, etc. 1899-1901.
300 ## - DESCRIPCIÓN FÍSICA
Extensión 6 v. :
Otras características físicas il. ;
Dimensiones 23 cm.
505 8# - NOTA DE CONTENIDO CON FORMATO
Nota de contenido con formato Contiene: Apéndice á la obra Noticia de las cosas memorables de Guipúzcoa de D. Pablo de Gorosábel / por... Carmelo de Echegaray, tomo VI
530 ## - NOTA DISPONIBLE DE FORMULARIO FÍSICO ADICIONAL
Nota de formato físico adicional disponible Disponible en formato digital.
597 ## - NOTA DE DESCRIPCIÓN FÍSICA
NOTA DE DESCRIPCIÓN FÍSICA Antep.
599 ## - NOTA A LAS ILUSTRACIONES
NOTA A LAS ILUSTRACIONES Il. son cabeceras fotograbadas.
651 #4 - PUNTO DE ACCESO ADICIONAL DE MATERIA--NOMBRE GEOGRÁFICO
Nombre geográfico Guipúzcoa-
Subdivisión general Descripción.
9 (RLIN) 8811
852 ## - LOCALIZACIÓN
Ubicación ES-MaACL
Número de control de estantería C-2152-57
Nota libre -- Enc. tela
856 ## - LOCALIZACIÓN Y ACCESO ELECTRÓNICOS
Identificador Uniforme de Recursos <a href="http://bibliotecadigitalhispanica.bne.es:80/webclient/DeliveryManager?pid=1864690&custom_att_2=simple_viewer">http://bibliotecadigitalhispanica.bne.es:80/webclient/DeliveryManager?pid=1864690&custom_att_2=simple_viewer</a>
Nota pública Biblioteca Digital Hispánica
Holdings
Estatus retirado Estado de pérdida Estado de daño No para préstamo Colección Biblioteca de origen Biblioteca actual Ubicación en estantería Fecha de adquisición Total de préstamos Signatura topográfica completa Código de barras Visto por última vez Precio de reemplazo Tipo de ítem Koha
        Colección digital Biblioteca del Ateneo de Madrid Biblioteca del Ateneo de Madrid Sala Palomar 17/01/2008   C-2152-57 1161774 23/02/2023 23/02/2023 Libro impreso antiguo